000 00662nam a2200229 i 4500
001 C2-0100746
003 PPAK
005 20180727095346.0
008 970528s1990 enka|||| ||||| | eng d
040 _aPPAK
_beng
_cPPAK
_erda
082 0 4 _a355.00944
_223
090 0 0 _a355.00944
_bSHE
_dR
100 1 _aShepperd, Alan,
_eauthor
245 1 0 _aFrance 1940:
_bBlitzkrieg in the west
264 1 _aLondon :
_bOsprey ,
_c1990
300 _a96 pages :
_billustrations ;
_c25 cm
336 _2rdacontent
_atext
337 _2rdamedia
_aunmediated
338 _2rdacarrier
_avolume
650 1 0 _aFrance - History - German occupation, 1940 - 1945
942 _ddc
_cB
999 _c22901
_d22901